000 00481nam a2200169 i 4500
001 92802
003 ES-MaACL
005 20240417063035.0
007 t|
008 050328s1983 sp ||||1| spa d
100 0 _aLizano, Jesús,
_d1931-2015
_972607
245 1 0 _aLabios como espadas /
_cColectivo Jesús Lizano.
260 _a[Barcelona :
_bA.G.A.L.],
_c1983.
300 _a27 p. ;
_c20 cm.
852 _aES-MaACL
_j2127-F-1
_bR.105135
999 _c92802
_d92802